1917 1825 1197 1975 1422 1887 1073 1608 1885 1033 1989 1845 1732 1851 1236 1622 1210 1173 1973 1164 1903 1780 1215 1405 1868 1733 1817 1256 1401 1564 1512 1791 1632 1129 1111 1999 1345 1992 1165 1660 1835 1889 1971 1200 1252 1009 1950 1486 1764 1185 1909 1891 1962 1814 1277 1159 1866 1764 1193 1207 1729 1209 1017 1259 1310 1657 1628 1472 1428 1717 1759 1819 1925 1459 1547 1563 1884 1953 1468 1682 1656 1998 1886 1874 1755 1019 1467 1137 1420 1508 1263 1241 1844 1046 1406 1089 1066 1347 1556 BCNSPRNW ULIB Ver.6.0+V

เปลี่ยนเป็นภาษาไทย

Change to English
 แสดงรายละเอียดบรรณานุกรม
  กลับหน้าหลัก

Brief Record : Get Marc (ISO 2709) : E-mail record : QR code < ปิดหน้าต่าง
LEADER : 00000nas 2200000uu 4500
001    13399122283
003     ULIB
008    020711s|||| th a 000 0 tha d
022    16865081
110    วิทยาลัยเครือข่ายภาคกลาง
245    วารสารการพยาบาลและสาธารณสุข (วิทยาเขตนครสวรรค์)/^cวิทยาลัยเครือข่ายภาคกลาง
260    เพชรบุรี :^bวิทยาลัยเครือข่ายภาคกลาง,^cม.ป.ป.
310    ^aราย 6 เดือน
850 ^a ULIB:campus^bปีที่ 8 ฉบับที่ 2 ;ปีที่ 9 ฉบับที่ 1 ;ปีที่ 11 ฉบับที่ 1 ฉ.1
945    ^p0^l0^i
945    ^p0^l0^i800376
945    ^p0^l0^i800457
945    ^p0^l0^i801468
999    ^aทศพร เกษรทอง
รายการนี้ยังไม่มีแท็ก
คุณยังไม่ได้ล็อกอิน คุณสามารถมีกิจกรรมร่วมกับเว็บไซต์ได้ แต่ต้องล็อกอินก่อน ::
  ล็อกอิน

รายการสื่อสารสนเทศ (วารสาร)

ดูแบบ: กล่อง รายการ
-
no call number
สถานที่: ห้องสมุดวิทยาเขตสวรรค์ประชารักษ์ >นวนิยาย
ARRIVED
ปีที่ 8 ฉบับที่ 2
สถานที่: ห้องสมุดวิทยาเขตสวรรค์ประชารักษ์ >วารสาร
ARRIVED
ปีที่ 11 ฉบับที่ 1 ฉ.1
สถานที่: ห้องสมุดวิทยาเขตนครสวรรค์ >วารสาร
ARRIVED
ปีที่ 9 ฉบับที่ 1
สถานที่: ห้องสมุดวิทยาเขตสวรรค์ประชารักษ์ >วารสาร

BibComment


ยังไม่เคยถูกคอมเมนท์

คอมเมนท์ทรัพยากรรายการนี้
  คอมเมนท์: วารสารการพยาบาลแล..


 Copyright 2026. Bcnsprnw @Library